特急券発売窓口がある近鉄の駅 - Statistics

General Stats
  • This quiz has been taken 394 times
  • The average score is 34 of 44
Answer Stats
駅名 % Correct
大阪難波
98%
大阪上本町
98%
近鉄名古屋
98%
大和西大寺
97%
鶴橋
96%
近鉄奈良
95%
京都
94%
大和八木
94%
近鉄四日市
94%
伊勢市
93%
生駒
92%
92%
賢島
92%
桑名
90%
宇治山田
90%
鳥羽
90%
橿原神宮前
90%
伊勢中川
89%
布施
88%
大阪阿部野橋
87%
松阪
86%
名張
85%
白子
83%
近鉄丹波橋
81%
学園前
79%
五十鈴川
79%
大和高田
74%
鵜方
73%
古市
72%
志摩磯部
69%
東花園
67%
榛原
67%
伊賀神戸
67%
近鉄富田
65%
天理
63%
近鉄蟹江
59%
新田辺
57%
高田市
57%
藤井寺
56%
伊勢若松
54%
近鉄八尾
51%
大久保
46%
王寺
44%
下市口
41%
No matching quizzes found
Score Distribution
Percent of People with Each Score
Percentile by Number Answered
Your Score History
You have not taken this quiz